La Argelia francesa / (Record no. 98516)

MARC details
000 -LEADER
campo de control de longitud fija 00856nam a2200241 i 4500
001 - NÚMERO DE CONTROL
campo de control 98516
003 - IDENTIFICADOR DE NÚMERO DE CONTROL
campo de control ES-MaACL
005 - FECHA Y HORA DE LA ÚLTIMA TRANSACCIÓN
campo de control 20240225063054.0
007 - CAMPO FIJO DE DESCRIPCIÓN FÍSICA--INFORMACIÓN GENERAL
campo de control de longitud fija t|
008 - DATOS DE LONGITUD FIJA--INFORMACIÓN GENERAL
campo de control de longitud fija 050929s1909 sp ||||1| spa d
080 ## - NÚMERO DE LA CLASIFICACIÓN DECIMAL UNIVERSAL
Número de la Clasificación Decimal Universal 355.352(44)
080 ## - NÚMERO DE LA CLASIFICACIÓN DECIMAL UNIVERSAL
Número de la Clasificación Decimal Universal 908(65)
100 0# - ENTRADA PRINCIPAL--NOMBRE DE PERSONA
Nombre de persona Pita Espelosín, Federico,
Fechas asociadas al nombre 1874-1944
9 (RLIN) 92397
245 13 - MENCIÓN DEL TÍTULO
Título La Argelia francesa /
Mención de responsabilidad, etc. por Federico Pita Espelosín.
260 ## - PUBLICACIÓN, DISTRIBUCIÓN, ETC.
Lugar de publicación, distribución, etc. Barcelona :
Nombre del editor, distribuidor, etc. B. Bauza,
Fecha de publicación, distribución, etc. 1909.
300 ## - DESCRIPCIÓN FÍSICA
Extensión 170 p. ;
Dimensiones 23 cm.
490 1# - MENCIÓN DE SERIE
Mención de serie Publicaciones de la Revista Científico-Militar y Biblioteca Militar
650 14 - PUNTO DE ACCESO ADICIONAL DE MATERIA--TÉRMINO DE MATERIA
Término de materia o nombre geográfico como elemento de entrada Fuerzas armadas coloniales-
Subdivisión geográfica Francia.
9 (RLIN) 13006
651 #4 - PUNTO DE ACCESO ADICIONAL DE MATERIA--NOMBRE GEOGRÁFICO
Nombre geográfico Argelia-
Subdivisión general Descripción.
9 (RLIN) 7800
830 0# - PUNTO DE ACCESO ADICIONAL DE SERIE-TÍTULO UNIFORME
Título uniforme Publicaciones de la Revista Científico-Militar y Biblioteca Militar
9 (RLIN) 183232
852 ## - LOCALIZACIÓN
Ubicación ES-MaACL
Número de control de estantería G-9136(1)
condición física . - Encuadernado con otra obra
Holdings
Estatus retirado Estado de pérdida Estado de daño No para préstamo Biblioteca de origen Biblioteca actual Ubicación en estantería Fecha de adquisición Fuente de adquisición Total de préstamos Signatura topográfica completa Código de barras Visto por última vez Precio de reemplazo Tipo de ítem Koha
        Biblioteca del Ateneo de Madrid Biblioteca del Ateneo de Madrid Sala Pecera Planta 3 17/01/2008     G-9136(1) 1102851 23/02/2023 23/02/2023 Libro impreso